[Event "FRA-ARM Rapid"]
[Site "Paris FRA"]
[Date "2009.06.24"]
[Round "1"]
[White "Lautier,J"]
[Black "Akopian,Vl"]
[Result "0-1"]
[WhiteElo "2658"]
[BlackElo "2696"]
[EventDate "2009.06.24"]

1. c4 e5 2. Nc3 Nc6 3. Nf3 Nf6 4. g3 Bb4 5. Nd5 Bc5 6. Bg2 d6 7. O-O O-O 8.
d3 Nxd5 9. cxd5 Ne7 10. d4 exd4 11. Nxd4 Ng6 12. b3 h5 13. Bb2 h4 14. Qd2
hxg3 15. hxg3 Ne5 16. Rac1 Bb6 17. Nf3 Nxf3+ 18. Bxf3 Bh3 19. Rfd1 Bf5 20.
Kg2 f6 21. Rh1 Kf7 22. Qf4 Bg6 23. Be4 Bxe4+ 24. Qxe4 Qe7 25. Qg4 Rh8 26.
e4 Rae8 27. f3 Qd8 28. Rh5 Qc8 29. Qh4 Rxh5 30. Qxh5+ Ke7 31. Qg6 Rg8 32.
Rh1 Qe8 33. Qf5 Qf7 34. Rh7 Be3 35. f4 c5 36. dxc6 bxc6 37. Kf3 Bb6 38. g4
d5 39. Ba3+ Kd8 40. e5 c5 41. exf6 Kc7 42. Rxg7 Rxg7 43. Qe5+ Kc6 44. fxg7
d4 45. f5 Kb5 46. Bc1 Qb7+ 47. Kf2 Qf7 48. Qe2+ d3 49. Qe5 Ka6 50. Be3 c4
0-1